000 00286nam a2200133Ia 4500
100 _aMahapatra/P.B
942 _cBK
654 _aThinking in C & C++
245 _aThinking in C & C++
260 _bWheeler Publisher
_aNewDelhi
082 _a5.13
300 _a685
546 _aENGLISH
999 _c27700
_d27700